| 000 | 01122nam a2200301Ia 4500 | ||
|---|---|---|---|
| 005 | 20210727152956.0 | ||
| 008 | 121119s1996 ag a gr 000 0 spa | ||
| 020 | _a9507245502 | ||
| 041 | 0 | _aspa | |
| 082 | 0 | 4 |
_a362.404 _bN11r |
| 110 | 2 |
_aNaciones Unidas _9116358 |
|
| 245 | 1 | 0 |
_aReglas estándar sobre igualdad de oportunidad para las personas con discapacidad _cNaciones Unidas |
| 250 | _aPrimera edición | ||
| 264 | 1 |
_aBuenos Aires _bEditorial Lumen _c1996 |
|
| 300 |
_a106 páginas _bilustraciones _c22 cm. |
||
| 336 |
_atexto _btxt _2rdacontent |
||
| 337 |
_asin mediación _bn _2rdamedia |
||
| 338 |
_avolumen _bnc _2rdacarrier |
||
| 490 | 0 | _aColección política, servicios y trabajo social | |
| 504 | _aIncluye referencias bibliográficas | ||
| 650 | 1 | 4 |
_2LEMB _aPersonas con discapacidad física _xAspectos sociales |
| 650 | 1 | 4 |
_2LEMB _aInvestigación social _xEnsayos, conferencias, etc. |
| 650 | 1 | 4 |
_2LEMB _aIncapacitados _xAsistencia social |
| 650 | 1 | 4 |
_2LEMB _aIncapacitados _xDerechos civiles |
| 650 | 1 | 4 |
_2LEMB _aGarantías constitucionales |
| 942 |
_2ddc _cBK |
||
| 040 |
_aCO-BoRNBP _bspa _erda _cCO-BoRNBP |
||
| 999 |
_c200 _d200 |
||